Great voices of the reformation: (Record no. 13678)

000 -LEADER
fixed length control field 00665nam a2200193 a 4500
001 - CONTROL NUMBER
control field :::00011501$&:&@@
003 - CONTROL NUMBER IDENTIFIER
control field OkBaRHE
005 - DATE AND TIME OF LATEST TRANSACTION
control field 20000607103409.0
008 - FIXED-LENGTH DATA ELEMENTS--GENERAL INFORMATION
fixed length control field s1952 j 000 0 eng u
040 ## - CATALOGING SOURCE
Transcribing agency
100 1# - MAIN ENTRY--PERSONAL NAME
Personal name Fosdick, Harry Emerson, 1878-1969.
245 10 - TITLE STATEMENT
Title Great voices of the reformation:
Remainder of title an anthology.
260 ## - PUBLICATION, DISTRIBUTION, ETC. (IMPRINT)
Place of publication, distribution, etc New York, NY., :
Name of publisher, distributor, etc Random House, Inc.
Date of publication, distribution, etc c1952
300 ## - PHYSICAL DESCRIPTION
Extent 546 p. ;
Dimensions 22 cm.
650 ## - SUBJECT ADDED ENTRY--TOPICAL TERM
Topical term or geographic name as entry element Church History Reformation
650 ## - SUBJECT ADDED ENTRY--TOPICAL TERM
Topical term or geographic name as entry element Reformation
General subdivision Sermons
942 ## - ADDED ENTRY ELEMENTS (KOHA)
Source of classification or shelving scheme
Koha item type Books
Copies
Full call number Damaged status Shelving location Not for loan Date last seen Date acquired Barcode Withdrawn status Source of classification or shelving scheme Copy number Price effective from Total Checkouts Current Location Date checked out Koha item type Permanent Location Lost status
BX 4801 .F6 General Stacks 2011-02-232010-04-1411501  12010-04-141RHEMA Bible Training College2011-02-18BooksRHEMA Bible Training College